[Event "Las Palmas Centro Goya op"]
[Site "Las Palmas"]
[Date "2014.12.05"]
[Round "5"]
[White "Plachkinov, Georgi"]
[Black "Kohlweyer, Bernd"]
[Result "0-1"]
[WhiteElo "2000"]
[BlackElo "2395"]
[PlyCount "146"]
[EventDate "2014.12.01"]
[EventType "swiss"]
[EventRounds "9"]
[EventCountry "ESP"]
[SourceTitle "CBM 163 Extra"]
[Source "ChessBase"]
[SourceDate "2014.12.23"]
[SourceVersion "1"]
[SourceVersionDate "2014.12.23"]
[SourceQuality "1"]

1. d4 Nf6 2. Nf3 g6 3. c4 Bg7 4. Nc3 d5 5. cxd5 Nxd5 6. e4 Nxc3 7. bxc3 c5 8. Be2 Bg4 9. Be3 Na6 10. e5 cxd4 11. cxd4 0-0 12. 0-0 Qd7 13. h3 Be6 14. Ng5 Bd5 15. Bf3 f6 16. exf6 exf6 17. Ne4 Rfd8 18. Nd2 Rac8 19. Nb3 b6 20. Rc1 Nb4 21. Qd2 Bxf3 22. Qxb4 Bd5 23. Rxc8 Rxc8 24. Rc1 Rxc1+ 25. Nxc1 Bf8 26. Qc3 Qc6 27. Qxc6 Bxc6 28. Bf4 Kf7 29. Bb8 a6 30. Bc7 b5 31. Nb3 Bd5 32. f3 Bc4 33. Kf2 Ke6 34. g3 Kd5 35. Bb6 Bd6 36. Nc1 f5 37. Nb3 f4 38. g4 Be7 39. Nc1 Bf6 40. Ne2 Bxe2 41. Kxe2 Bxd4 42. Bc7 Be5 43. Ba5 Kc4 44. h4 h5 45. gxh5 gxh5 46. Kd2 Bd6 47. Ke2 Bc5 48. Bd2 Bd6 49. Ba5 Be7 50. Bc7 Bxh4 51. Bxf4 Bf6 52. Bc7 Kc3 53. f4 Kd4 54. Kf3 Kd5 55. Ba5 Be7 56. Bc7 Bf6 57. Ba5 Bb2 58. Bc7 Ba3 59. f5 a5 60. Ke3 a4 61. Kd3 Bc5 62. Ba5 h4 63. Ke2 h3 64. Kf3 Bd6 65. Be1 b4 66. Bd2 b3 67. axb3 axb3 68. Bc1 Ke5 69. Kg3 Kxf5+ 70. Kxh3 Ke4 71. Bb2 Kd3 72. Kg2 Kc2 73. Bd4 Bb4 0-1

[Event "Las Palmas Centro Goya op"]
[Site "Las Palmas"]
[Date "2014.12.03"]
[Round "3"]
[White "Plachkinov, Georgi"]
[Black "Perez Toledo, Antonio Jose"]
[Result "1-0"]
[WhiteElo "2000"]
[BlackElo "1635"]
[PlyCount "101"]
[EventDate "2014.12.01"]
[EventType "swiss"]
[EventRounds "9"]
[EventCountry "ESP"]
[SourceTitle "CBM 163 Extra"]
[Source "ChessBase"]
[SourceDate "2014.12.23"]
[SourceVersion "1"]
[SourceVersionDate "2014.12.23"]
[SourceQuality "1"]

1. d4 d5 2. Nf3 Nf6 3. c4 c6 4. Nc3 e6 5. cxd5 exd5 6. Qc2 h6 7. e3 Bd6 8. h3 Nbd7 9. Bd3 Bb4 10. Bd2 b6 11. 0-0 Bb7 12. a3 Bxc3 13. Bxc3 0-0 14. b4 Rc8 15. Qb2 Re8 16. a4 Qc7 17. Rfb1 Rb8 18. b5 cxb5 19. axb5 Ra8 20. Bb4 Rec8 21. Qa3 Ne4 22. Rc1 Qd8 23. Ne5 Ndf6 24. Nc6 Bxc6 25. bxc6 a5 26. Be7 Qe8 27. Bb5 Rc7 28. Bd6 Nxd6 29. Qxd6 Qd8 30. Qf4 Ne4 31. Ba4 Qd6 32. Qg4 Nf6 33. Qe2 Ne4 34. f3 Ng3 35. Qd3 Nh5 36. Qf5 Nf6 37. Qd3 Qg3 38. Rab1 Rb8 39. Qf5 Nh7 40. Rb3 Ng5 41. e4 g6 42. Qg4 Qxg4 43. hxg4 dxe4 44. d5 Rd8 45. Rd1 Rd6 46. Rxb6 exf3 47. Rb7 f2+ 48. Kf1 Rxb7 49. cxb7 Rb6 50. Bc6 Ne4 51. d6 1-0

[Event "Las Palmas Centro Goya op"]
[Site "Las Palmas"]
[Date "2014.12.01"]
[Round "1"]
[White "Plachkinov, Georgi"]
[Black "Henriquez Cazorla, Laura"]
[Result "1-0"]
[WhiteElo "2000"]
[BlackElo "1369"]
[PlyCount "93"]
[EventDate "2014.12.01"]
[EventType "swiss"]
[EventRounds "9"]
[EventCountry "ESP"]
[SourceTitle "CBM 163 Extra"]
[Source "ChessBase"]
[SourceDate "2014.12.23"]
[SourceVersion "1"]
[SourceVersionDate "2014.12.23"]
[SourceQuality "1"]

1. d4 Nf6 2. Nf3 g6 3. c4 Bg7 4. Nc3 d6 5. e4 0-0 6. Be2 Nbd7 7. e5 dxe5 8. dxe5 Ne8 9. e6 fxe6 10. Ng5 Bxc3+ 11. bxc3 Ng7 12. 0-0 Nb6 13. Ba3 Bd7 14. Qd4 Qe8 15. Bf3 c6 16. Be2 Nf5 17. Qe4 Nd6 18. Qh4 h5 19. c5 Nf5 20. Qe4 Nd5 21. Bb2 Nf6 22. Qe5 Qb8 23. c4 Qxe5 24. Bxe5 Bc8 25. Bc3 Nh7 26. Nf3 Nf6 27. Ne5 Kh7 28. f3 Ne3 29. Rf2 Nd7 30. Bd3 Nf5 31. g4 Nxe5 32. Bxe5 Nh4 33. Be4 hxg4 34. fxg4 Rxf2 35. Kxf2 Kh6 36. Kg3 g5 37. Rf1 Ng6 38. Bxg6 Kxg6 39. Rf8 b6 40. Rg8+ Kh6 41. h4 gxh4+ 42. Kxh4 b5 43. g5+ Kh7 44. Rg7+ Kh8 45. g6 Ba6 46. Rh7+ Kg8 47. Rh8# 1-0